Giáo trình quản trị tài chính doanh nghiệp

Trình bày những kiến thức cơ bản của quản lí tài sản cố định, tài sản và vốn lưu động, các báo cáo tài chính chủ yếu, quản lí vốn bằng tiền và tín dụng thương mại, quản lý nguồn vốn, các quyết định và phân tích về chi phí đầu tư, doa...

全面介紹

Đã lưu trong:
書目詳細資料
主要作者: Nguyễn, Thu Thủy
格式: 圖書
語言:Undetermined
出版: Hà Nội Lao động 2014
主題:
標簽: 添加標簽
沒有標簽, 成為第一個標記此記錄!
Thư viện lưu trữ: Trung tâm Học liệu Trường Đại học Cần Thơ
LEADER 00999nam a2200205Ia 4500
001 CTU_202786
008 210402s9999 xx 000 0 und d
020 |c 98000 
082 |a 658.15 
082 |b Th523 
100 |a Nguyễn, Thu Thủy 
245 0 |a Giáo trình quản trị tài chính doanh nghiệp 
245 0 |c Nguyễn Thu Thủy (Chủ biên) 
260 |a Hà Nội 
260 |b Lao động 
260 |c 2014 
520 |a Trình bày những kiến thức cơ bản của quản lí tài sản cố định, tài sản và vốn lưu động, các báo cáo tài chính chủ yếu, quản lí vốn bằng tiền và tín dụng thương mại, quản lý nguồn vốn, các quyết định và phân tích về chi phí đầu tư, doanh lợi, rủi ro... 
650 |a Quản trị tài chính,Financial management 
904 |i Nguyên 
980 |a Trung tâm Học liệu Trường Đại học Cần Thơ